Handbook of wireless local area networks : (Record no. 174834)
[ view plain ]
| 000 -LEADER | |
|---|---|
| fixed length control field | 01001 a2200229 4500 |
| 003 - CONTROL NUMBER IDENTIFIER | |
| control field | Nust |
| 005 - DATE AND TIME OF LATEST TRANSACTION | |
| control field | 20220721163818.0 |
| 010 ## - LIBRARY OF CONGRESS CONTROL NUMBER | |
| LC control number | 2004062380 |
| 020 ## - INTERNATIONAL STANDARD BOOK NUMBER | |
| International Standard Book Number | 0849323231 (alk. paper) |
| 040 ## - CATALOGING SOURCE | |
| Transcribing agency | Nust |
| 082 00 - DEWEY DECIMAL CLASSIFICATION NUMBER | |
| Classification number | 004.68,HAN |
| 245 00 - TITLE STATEMENT | |
| Title | Handbook of wireless local area networks : |
| Remainder of title | applications, technology, security, and standards / |
| Statement of responsibility, etc. | edited by Mohammad Ilyas and Syed Ahson. |
| 260 ## - PUBLICATION, DISTRIBUTION, ETC. | |
| Place of publication, distribution, etc. | Boca Raton : |
| Name of publisher, distributor, etc. | Taylor & Francis, |
| Date of publication, distribution, etc. | 2005. |
| 300 ## - PHYSICAL DESCRIPTION | |
| Extent | xii, 652 p. : |
| Other physical details | ill. ; |
| Dimensions | 24 cm. |
| 440 #0 - SERIES STATEMENT/ADDED ENTRY--TITLE | |
| Title | Internet and communications |
| 9 (RLIN) | 94465 |
| 505 ## - FORMATTED CONTENTS NOTE | |
| Formatted contents note | Section-I: Introduction (Page-1), Section-II Technology (Page-135), Section-III: Applications (Page -235), Section-IV: Security I (Page-341), Section-V: Security II (Page-449), Section-VI: Standards (Page-525). |
| 650 #0 - SUBJECT ADDED ENTRY--TOPICAL TERM | |
| Topical term or geographic name entry element | Wireless LANs |
| 9 (RLIN) | 94460 |
| 700 1# - ADDED ENTRY--PERSONAL NAME | |
| Personal name | Ahson, Syed. |
| 9 (RLIN) | 94466 |
| 700 1# - ADDED ENTRY--PERSONAL NAME | |
| Personal name | Ilyas, Mohammad, |
| Dates associated with a name | 1953- |
| 9 (RLIN) | 94250 |
| 856 42 - ELECTRONIC LOCATION AND ACCESS | |
| Materials specified | Publisher description |
| Uniform Resource Identifier | <a href="http://www.loc.gov/catdir/enhancements/fy0647/2004062380-d.html">http://www.loc.gov/catdir/enhancements/fy0647/2004062380-d.html</a> |
| 942 ## - ADDED ENTRY ELEMENTS (KOHA) | |
| Koha item type | Reference |
| Source of classification or shelving scheme | |
| Withdrawn status | Lost status | Source of classification or shelving scheme | Damaged status | Not for loan | Permanent Location | Current Location | Shelving location | Date acquired | Full call number | Barcode | Date last seen | Price effective from | Koha item type | Public note |
|---|---|---|---|---|---|---|---|---|---|---|---|---|---|---|
| Military College of Signals (MCS) | Military College of Signals (MCS) | Reference | 12/12/2016 | 004.68,HAN | MCS32548 | 12/08/2016 | 12/12/2016 | Book | Almirah No.17, Shelf No.4 |
